|
|
|
|
| LEADER |
00000nam2a2200000 4500 |
| 001 |
221489 |
| 005 |
20231031195648.0 |
| 035 |
|
|
|a (RuTPU)RU\TPU\book\241647
|
| 090 |
|
|
|a 221489
|
| 100 |
|
|
|a 20120911d1970 k y0rusy50 ca
|
| 101 |
0 |
|
|a rus
|
| 102 |
|
|
|a RU
|
| 105 |
|
|
|a a e 001zy
|
| 200 |
0 |
|
|a Т. 1, кн.1: Научно-техническая терминология, обязательная и рекомендуемая к применению государственными стандартами СССР
|
| 210 |
|
|
|d 1970
|
| 215 |
|
|
|a 776 с.
|c ил.
|
| 320 |
|
|
|a Алфавитный указатель терминов: с. 717-775.
|
| 461 |
|
1 |
|0 (RuTPU)RU\TPU\book\248747
|t Научно-техническая терминология
|o сборник стандартизованных и рекомендуемых терминов
|o в 10 т.
|f Всесоюзный научно-исследовательский институт технической информации, классификации и кодирования (ВНИИКИ) ; под ред. Л. Ю. Белахова, И. Н. Попова-Черкасова
|v Т. 1, кн.1: Научно-техническая терминология, обязательная и рекомендуемая к применению государственными стандартами СССР
|d 1969-1971
|
| 610 |
1 |
|
|a термины
|
| 610 |
1 |
|
|a терминология
|
| 610 |
1 |
|
|a металлы
|
| 610 |
1 |
|
|a энергетическое оборудование
|
| 610 |
1 |
|
|a электротехническое оборудование
|
| 610 |
1 |
|
|a лесоматериалы
|
| 610 |
1 |
|
|a химические продукты
|
| 610 |
1 |
|
|a текстильные материалы
|
| 675 |
|
|
|a 62:001.4(014)
|v 3
|
| 801 |
|
1 |
|a RU
|b 63413507
|c 20120911
|
| 801 |
|
2 |
|a RU
|b 63413507
|c 20181010
|g RCR
|
| 942 |
|
|
|c BK
|